Statistics for Which Countries Have The Same Name As An Empire? #2

Click here to take the quiz!

General Stats

  • This quiz has been taken 8 times
  • The average score is 10 of 15

Answer Stats

HintAnswer% Correct
OOman
88%
PPortugal
88%
SSpain
88%
VVietnam
88%
BBelgium
75%
DDenmark
75%
EEthiopia
75%
GGhana
75%
EEgypt
50%
GGeorgia
50%
KKorea
50%
MMorocco
50%
SSweden
50%
TTonga
38%
BBrunei
25%

Score Distribution

Percentile by Number Answered

Percent of People with Each Score

Your Score History

You have not taken this quiz